| 000 | 01746 a2200217 4500 | ||
|---|---|---|---|
| 001 | 54920 | ||
| 005 | 20260407155824.0 | ||
| 008 | 260407a1971 arg spa d | ||
| 003 | AR-UNSa-BCEJYS | ||
| 040 |
_aAR-UNSa-BCEJYS _bspa _cAR-UNSa-BCEJYS |
||
| 080 |
_a316.77:32 _xComunicación política |
||
| 245 | 1 | 0 |
_aLos nervios del gobierno _pmodelos de comunicación y control políticos |
| 250 | _a2a. ed. | ||
| 264 | 1 |
_aBuenos Aires : _bPaidós _c1971 |
|
| 300 |
_a274 p. _c23 cm. |
||
| 505 | _aParte I: La búsqueda de modelos de la sociedad y la política - 1. Instrumentos del pensamiento: el carácter general de la teoría y los modelos - 2. Algunos modelos clásicos en la historia del pensamiento - 3. Algunos modelos recientes en las ciencias sociales - 4. La teoría de los juegos de von Neumann y Morgenstern - Parte II: Cibernética: Nuevos modelos para la comunicación y el control - 5. Un modelo cibernético simple - 6. La conciencia y la voluntad como pautas del flujo de comunicación - 7. Poder político y transacciones sociales - 8. Autonomía,integridad y significado - Parte III: Modelos de comunicación y sistemas de decisión política - 9. Modelos de comunicación y sistemas de decisión: algunas consecuencias para la investigación - 10. Capacidad de aprendizaje y creatividad en política: la búsqueda de cohesión y de valores - 11. El gobierno como proceso de conducción: los conceptos de realimentación,objetivo y propósito - 12. Autoconciencia política,autonomía y soberanía - 13. La autoclausura de los sistemas políticos - 14. La política de poder y la política de desarrollo | ||
| 942 | _cBK | ||
| 590 | _aniveau_biblio:m niveau_hierar:0 | ||
| 100 | 1 | _aDeutsch, Karl W. | |
| 700 | 1 | _aCiria, Alberto | |
| 999 |
_c5827 _d5827 |
||